KOHA-Header-6

Power Transmission and Distribution (Record no. 12110)

000 -LEADER
fixed length control field 00316nam a22001337a 4500
020 ## - INTERNATIONAL STANDARD BOOK NUMBER
ISBN 978-93-325-8555-3
082 ## - DEWEY DECIMAL CLASSIFICATION NUMBER
Classification number 621.31
100 ## - MAIN ENTRY--AUTHOR NAME
Personal name Arun Ingole
245 ## - TITLE STATEMENT
Title Power Transmission and Distribution
260 ## - PUBLICATION, DISTRIBUTION, ETC. (IMPRINT)
Place of publication New Delhi
Name of publisher Pearson
Year of publication 2018
300 ## - PHYSICAL DESCRIPTION
Number of Pages 790
650 ## - SUBJECT ADDED ENTRY--TOPICAL TERM
Topical Term Electrical Engineering
942 ## - ADDED ENTRY ELEMENTS (KOHA)
Koha item type Books
Holdings
Withdrawn status Lost status Collection code Permanent Location Current Location Shelving location Date acquired Full call number Accession Number Koha item type
    Electrical Engineering MAJU MAJU Shelf No.A34 2019-10-29 621.31 9381 Electrical Engineering

Powered by Koha